Представление документа в формате RUSMARC

ПолеНазваниеЗначение
  Тип записи a
  Библиографический уровень m
001 Контрольный номер UONB/MAIN/9ac6e021538c4645a489cdafaa581639
005 Дата корректировки 20260416160551.2
010 Индекс ISBN __
d Цена 45 к.
100 Данные общей обработки __
a Данные общей обработки 20260409d1909 u y0rusy0189 ca
101 Язык документа 0_
a Язык текста rus
102 Страна публикации __
a Страна публикации RU
105 Кодированные данные (монография) __
a Кодированные данные (монография) a z 001yy
200 Заглавие и сведения об ответственности 1_
a Заглавие "Чортово городище" в Ветлужском уезде по раскопкам 1908 г.
e Сведения, относящиеся к заглавию (доложено в заседании Историко-филологического отделения 11 марта 1909 г.)
f Первые сведения об ответственности В. Каменский
210 Выходные данные 1_
d Дата издания 1909
215 Физическое описание __
a Объем 12 с.
c Иллюстрации/тип воспроизводства ил., 3 л. табл.
320 Библиография __
a Библиография Библиогр. в подстроч. примеч.
461 Уровень набора _0
1 2001
a Сборник Музея антропологии и этнографии
v Т. 7
1 2101
a Санкт-Петербург
c Наука, Санкт-Петербургское отделение
d 1900-
1 300
a Доп. тит. л. фр.
1 001UONB/MAIN/77ff1e0278f642a191f97e1f573595f3
1 203
a Текст
b визуальный
c непосредственный
1 215
d 30 см
1 71002
a Музей антропологии и этнографии им. Петра Великого (Санкт-Петербург)
4 570
517 Другие варианты заглавия 1_
a Другие варианты заглавия Чортово городище
606 Тематические рубрики 0_
a Основная рубрика Археологические памятники
y Географическая подрубрика Костромская губерния
610 Ключевые слова 0_
a Ключевые слова памятники старины; археологические раскопки; Костромская губерния; Чортово городище
686 Индексы других классификаций __
a Классификационный индекс 63.48(2)
2 Код системы rubbk
700 Автор _1
a Фамилия Каменский
b Имя (инициалы) В.
801 Источник записи _0
a Страна RU
b Организация Ульяновская ОНБ
c Дата составления 20260414
g Правила каталогизации RCR
801 Источник записи _1
a Страна RU
b Организация Ульяновская ОНБ
c Дата составления 20260414
g Правила каталогизации RCR
901 Тип документа __
t Тип документа n
w Контрольный № источника UONB/MAIN/77ff1e0278f642a191f97e1f573595f3
909 Создатель записи __
a Создатель записи Моргунова
b Дата создания записи 20260414